Письма (три) актёра Гаврилы Морского Анатолию Евграфовичу Молчанову об устройстве совещания по оперным и музыкальным вопросам и ...

Доступно только в Электронных читальных залах Найти на картеНа карте
RUSMARC
00003907nmc2a22002413x 450
0017852781c-3a89-49d8-b0a9-c254d2195faa
00520210811020154.0
100##$a20200821l19001901k l0rusy0189 ca
1010#$arus
102##$aRU
105##$ay###
1222#$ad
2001#$aПисьма (три) актёра Гаврилы Морского Анатолию Евграфовичу Молчанову об устройстве совещания по оперным и музыкальным вопросам и своём участии в концерте [в пользу Русского театрального общества]
$j1900 г. - 30 ноября 1901 г.
215##$a5 л.
$d36,5х26 см
251##$cДело
300##$aПисьма и телеграммы Анатолию Евграфовичу Молчанову
371##$aДокумент не является опубликованным и широко распространяемым
461#0$1001db61d72f-43f2-409f-8a83-e0351aa81d78
$12001
$aМолчанов Анатолий Евграфович (1856-1921), вице-президент Русского театрального общества, редактор журнала "Ежегодник императорских театров", председатель правления Русского общества пароходства и торговли
$1251
$cФонд
$1852
$j678
462#0$10019dad07dd-c609-4d13-9b36-4e45395a7de5
$12001
$a1791-1921 гг.
$1251
$cОпись
$1852
$j1
801#0$aRU
$bРГИА
$c20200821
$gRCR
801#1$aRU
$bГлавНИВЦ
$c20200821
$2rusmarc
801#2$aRU
$bПБ им. Б.Н. Ельцина
$c20210811
$gRCR
$2rusmarc
850##$aРГИА
852##$aРГИА
$eФедеральное казенное учреждение "Российский государственный исторический архив" (РГИА)
$j513
937##$hРГИА
$d12322541
$aASBIBLIO_SCAN
035##$aRusGRCC00024745
856##$uhttp://readingroom.main.prlib.ru/item.aspx?id_node=n167187397&mode=full
Формат отображения